Zamestnanecké výhody na podporu rovnováhy pracovného a súkromného života diplomová práca

Na minha lista:
Detalhes bibliográficos
Autor principal: Torjayová, Simona
Autor Corporativo: Podnikovohospodárska fakulta EU so sídlom v Košiciach. Katedra ekonómie a manažmentu
Outros Autores: Gontkovičová, Barbora, 1986-
Formato: Livro
Idioma:eslovaco
Publicado em: Košice 2025
Tags: Adicionar Tag
Sem tags, seja o primeiro a adicionar uma tag!

MARC

LEADER 00000nbm a2200000 4500
001 0309050
005 20260225122915.1
041 0 |a slo 
044 |a SK 
245 1 0 |a Zamestnanecké výhody na podporu rovnováhy pracovného a súkromného života  |b diplomová práca  |c Simona Torjayová ; školiteľ: Barbora Gontkovičová 
264 1 |a Košice  |c 2025 
300 |a 64 s. 
100 1 |a Torjayová, Simona 
700 1 |a Gontkovičová, Barbora, 1986- 
710 2 |a Podnikovohospodárska fakulta EU so sídlom v Košiciach. Katedra ekonómie a manažmentu